000 00646nam a2200253Ia 4500
005 20260121161119.0
008 008 260114s9999 xx 000 0 eng d
020 _a9780367274719
037 _aEBOOK
040 _aCRL
040 _beng
040 _cCRL
041 _2eng
041 _aeng
084 _qCRL
100 _a James Kruger; Donald Laberge
_91040372
245 0 _aThird International Symposium On Preharvest Sprouting In Cereals
260 _bTaylor and Francis
260 _c1983
856 _uhttp://www.taylorfrancis.com/books/9780367274719
942 _cEBOOK
999 _c1607188
_d1607188